000
00290nam a2200121Ia 4500
008
190216s9999||||xx |||||||||||||| ||und||
100
_a
Joseph Jacobs
245
0
_a
English Fairy Tales
260
_b
Somaiya Publications Pvt Ltd
_c
1967
300
_a
307p
650
_a
Speeches
942
_c
BK
999
_c
11888
_d
11888